Σχολείο για γονείς : μαθήματα και ασκήσεις με χιουμοριστικά σκίτσα / 1/2 . Για παιδιά νηπιακής & πρωσχολικής ηλικίας.
| Κύριος συγγραφέας: | |
|---|---|
| Άλλοι συγγραφείς: | , |
| Μορφή: | Βιβλίο |
| Γλώσσα: | Greek |
| Έκδοση: |
Αθήνα :
εκδόσεις Θυμάρι,
1997
|
| Έκδοση: | 5η εκδ. |
| Σειρά: | Ανθρώπινες σχέσεις - Αγωγή - Συμπεριφορά
Θυμάρι Αγωγή/νηπιακή & παιδική ηλικία |
| Θέματα: |
| LEADER | 01839nam a2200373 a 4500 | ||
|---|---|---|---|
| 001 | GR-Patra14434 | ||
| 008 | 020208s1997 gr g 000 0 gre d | ||
| 020 | |a 9607161912 | ||
| 040 | |a GrPaTEI |b gre |c GR-PaULI | ||
| 040 | |a GrPaTEI |b gre |c GR-PaULI | ||
| 082 | 0 | |a 649 |2 21 | |
| 100 | 1 | |a Dinkmeyer, Don | |
| 245 | 1 | 0 | |a Σχολείο για γονείς : |b μαθήματα και ασκήσεις με χιουμοριστικά σκίτσα / |c Ντόν Ντινκμέγιερ / Γκάρι Μακ-Κέι ; μετάφραση Εύη Νάντσου |n 1/2 . |p Για παιδιά νηπιακής & πρωσχολικής ηλικίας. |
| 250 | |a 5η εκδ. | ||
| 260 | |a Αθήνα : |b εκδόσεις Θυμάρι, |c 1997 | ||
| 300 | |a 133σ. | ||
| 490 | 1 | |a Αγωγή / Νηπιακή & παιδική ηλικία. 2 | |
| 490 | 1 | |a Ανθρώπινες σχέσεις- αγωγή- συμπεριφορά | |
| 490 | 1 | |a Θυμάρι. 25 | |
| 500 | |a Οδηγός Δημοκρατικής Γονεϊκής συμπεριφοράς | ||
| 504 | |a Τίτλος πρωτοτύπου: Parent's Handbook | ||
| 650 | 4 | |a ΑΓΩΓΗ | |
| 650 | 4 | |a Γονείς και παιδιά | |
| 650 | 4 | |a Επικοινωνία | |
| 650 | 4 | |a Οικογένεια | |
| 700 | 1 | |a Mckay, Gary D. | |
| 700 | 1 | |a Νάντσου, Εύη | |
| 830 | 0 | |1 00111554 |1 2001 |a Ανθρώπινες σχέσεις - Αγωγή - Συμπεριφορά | |
| 830 | 0 | |1 00111963 |1 2001 |a Θυμάρι | |
| 830 | 0 | |1 00112141 |1 2001 |a Αγωγή/νηπιακή & παιδική ηλικία | |
| 942 | |2 ddc | ||
| 952 | |0 0 |1 0 |2 ddc |4 0 |6 649_000000000000000_DIN |7 0 |9 293469 |a LISK |b LISK |c ALF |d 2021-01-17 |e 24 |f 0 |g 0.00 |l 0 |o 649 DIN |p 92410012705 |r 2021-01-17 00:00:00 |t 1 |w 2021-01-17 |y BK15 |x 20020208 0 1 |x GrPaTEI | ||
| 971 | |a .b26619490 |b 16-04-20 |c 23-09-16 | ||
| 999 | |c 171511 |d 171511 | ||